000 00346pam a2200157a 44500
008 230515b1997 xxu||||| |||| 00| 0 eng d
020 _aNULL
041 _aENGLISH
082 _aN.D.
100 _aAxelson/ Jan
245 _aThe Microcontroller Idea Book
250 _a0
260 _aNULL
_bPri Pub
_c1997
300 _a277
650 _aNULL
999 _c587118
_d587118